[Event "35 Andorra Open"]
[Site "Escaldes"]
[Date "2017.07.24"]
[Round "3.4"]
[White "Dvirnyy, Danyyil"]
[Black "Zanan, Evgeny"]
[Result "1/2-1/2"]
[WhiteElo "2558"]
[BlackElo "2428"]
[PlyCount "111"]
[EventDate "2017.07.22"]
[EventType "swiss"]
[EventRounds "9"]
[EventCountry "AND"]

1. d4 Nf6 2. c4 g6 3. g3 c5 4. d5 b5 5. cxb5 a6 6. bxa6 d6 7. Nc3 Bg7 8. Nf3
O-O 9. Bg2 Nbd7 10. O-O Nb6 11. Bg5 h6 12. Bf4 Nfd7 13. Qc1 g5 14. Bd2 Nc4 15.
h4 Nxd2 16. Qxd2 g4 17. Nh2 Ne5 18. Rfc1 Bxa6 19. Rab1 Rb8 20. Nf1 Rb4 21. Qc2
f5 22. a3 Rb8 23. b4 cxb4 24. axb4 f4 25. b5 Bb7 26. Qe4 Bc8 27. gxf4 Bf5 28.
Qb4 Bxb1 29. fxe5 Bh7 30. Qxg4 Kh8 31. exd6 exd6 32. Ne4 Rxb5 33. Nfg3 Qe7 34.
Nd2 Bb2 35. Rc6 Be5 36. Nc4 Rb1+ 37. Kh2 Rb4 38. e4 Bf4 39. Kh3 Rb3 40. Qd1
Qd7+ 41. Kh2 Rb7 42. Qd4+ Qg7 43. Qxg7+ Rxg7 44. Nxd6 Rg6 45. Nc4 Rxc6 46. dxc6
Bg8 47. Nb6 Bc7 48. Nd5 Bxd5 49. exd5 Rxf2 50. Kh3 Rf4 51. Ne4 Rxe4 52. Bxe4
Kg7 53. Kg4 Kf6 54. Kh5 Kg7 55. Kg4 Kf6 56. Kh5 1/2-1/2

[Event "35 Andorra Open"]
[Site "Escaldes"]
[Date "2017.07.24"]
[Round "3.5"]
[White "Llaneza Vega, Marcos"]
[Black "Baron, Tal"]
[Result "1/2-1/2"]
[WhiteElo "2416"]
[BlackElo "2547"]
[PlyCount "43"]
[EventDate "2017.07.22"]
[EventType "swiss"]
[EventRounds "9"]
[EventCountry "AND"]

1. e4 e6 2. Nf3 d5 3. Nc3 Nf6 4. e5 Nfd7 5. d4 c5 6. dxc5 Nc6 7. Bf4 Bxc5 8.
Bd3 a6 9. Qe2 h6 10. O-O-O b5 11. g4 Qa5 12. g5 hxg5 13. Nxg5 Bb7 14. Bg6 fxg6
15. Nxe6 Ne7 16. Qg4 Bb4 17. Ne4 dxe4 18. Nxg7+ Kf8 19. Ne6+ Ke8 20. Ng7+ Kf8
21. Ne6+ Ke8 22. Ng7+ 1/2-1/2

[Event "35 Andorra Open"]
[Site "Escaldes"]
[Date "2017.07.24"]
[Round "3.6"]
[White "Jerez Perez, Alfonso"]
[Black "Santos Latasa, Jaime"]
[Result "0-1"]
[WhiteElo "2405"]
[BlackElo "2542"]
[PlyCount "94"]
[EventDate "2017.07.22"]
[EventType "swiss"]
[EventRounds "9"]
[EventCountry "AND"]

1. e4 e5 2. Nf3 Nc6 3. Nc3 Nf6 4. d4 exd4 5. Nxd4 Bb4 6. Nxc6 bxc6 7. Bd3 d5 8.
exd5 O-O 9. O-O cxd5 10. Qf3 c6 11. h3 Bd6 12. Bf4 Rb8 13. b3 Be6 14. Ne2 c5
15. c3 a5 16. Bc2 Re8 17. Rad1 Rb6 18. Rfe1 h6 19. Ng3 Bxf4 20. Qxf4 Qb8 21.
Qf3 Bd7 22. Nh5 Nxh5 23. Qxh5 Rxe1+ 24. Rxe1 Re6 25. Rxe6 Bxe6 26. Qh4 Kf8 27.
Bd3 f6 28. Qa4 Qc7 29. Qb5 Kf7 30. Qa6 f5 31. Bb5 Kf6 32. Qa8 Bf7 33. Qf8 Qe7
34. Qxe7+ Kxe7 35. f4 d4 36. cxd4 cxd4 37. Kf2 Kd6 38. Ke2 Kc5 39. Ba6 Bd5 40.
g3 Bg2 41. h4 Kb4 42. Kd2 Ka3 43. Bc4 Be4 44. Kc1 Kxa2 45. b4+ Ka3 46. bxa5 Kb4
47. Bf7 Kc3 0-1

[Event "35 Andorra Open"]
[Site "Escaldes"]
[Date "2017.07.24"]
[Round "3.7"]
[White "Forcen Esteban, Daniel"]
[Black "Farran Martos, Francesc X"]
[Result "1-0"]
[WhiteElo "2536"]
[BlackElo "2412"]
[PlyCount "54"]
[EventDate "2017.07.22"]
[EventType "swiss"]
[EventRounds "9"]
[EventCountry "AND"]

1. d4 Nf6 2. Nf3 c5 3. d5 e6 4. c4 b5 5. dxe6 fxe6 6. cxb5 Be7 7. Nc3 d5 8. e4
d4 9. Na4 Nxe4 10. Bd3 Nf6 11. O-O O-O 12. Re1 Bd6 13. Ng5 Qc7 14. Qf3 h6 15.
Nxe6 Bxe6 16. Rxe6 Nbd7 17. Qh3 Rae8 18. Bc4 Rxe6 19. Bxe6+ Kh8 20. Bd2 Bf4 21.
Be1 Ne5 22. Bf5 Qd6 23. Rd1 Qd5 24. Nc3 Qd6 25. Ne2 Nf7 26. Nxf4 Qxf4 27. Bd2
Ng5 1-0

[Event "35 Andorra Open"]
[Site "Escaldes"]
[Date "2017.07.24"]
[Round "3.8"]
[White "Iniyan, P."]
[Black "Kogan, Arthur"]
[Result "1/2-1/2"]
[WhiteElo "2380"]
[BlackElo "2529"]
[PlyCount "62"]
[EventDate "2017.07.22"]
[EventType "swiss"]
[EventRounds "9"]
[EventCountry "AND"]

1. d4 e6 2. c4 Bb4+ 3. Nd2 c5 4. a3 Bxd2+ 5. Qxd2 cxd4 6. Nf3 Nf6 7. Nxd4 d5 8.
e3 O-O 9. b4 b6 10. Be2 Bb7 11. O-O dxc4 12. Bxc4 Qc7 13. Qe2 Rc8 14. Bb3 Nc6
15. Bb2 Nxd4 16. Bxd4 e5 17. Bb2 Bd5 18. Bxd5 Nxd5 19. Rac1 Qe7 20. Rxc8+ Rxc8
21. Qb5 Rd8 22. e4 Nf6 23. Qxe5 Qxe5 24. Bxe5 Nxe4 25. f3 Nd2 26. Rc1 b5 27.
Rc5 a6 28. Bf4 Nb3 29. Rc7 Nd4 30. Be3 f6 31. Bxd4 Rxd4 1/2-1/2

[Event "35 Andorra Open"]
[Site "Escaldes"]
[Date "2017.07.24"]
[Round "3.9"]
[White "Del Rio De Angelis, Salvador G"]
[Black "Fell, Sebastian"]
[Result "1-0"]
[WhiteElo "2522"]
[BlackElo "2343"]
[PlyCount "49"]
[EventDate "2017.07.22"]
[EventType "swiss"]
[EventRounds "9"]
[EventCountry "AND"]

1. d4 Nf6 2. Nf3 g6 3. g3 Bg7 4. Bg2 O-O 5. O-O d6 6. Re1 Nbd7 7. e4 e5 8. Nc3
c6 9. a4 a5 10. h3 Re8 11. Be3 exd4 12. Bxd4 Qc7 13. Qd2 Ne5 14. Nh2 b6 15. b3
Bb7 16. Rad1 Rad8 17. f4 Ned7 18. Qf2 c5 19. Nb5 Qb8 20. Ba1 Nxe4 21. Bxe4 Rxe4
22. Bxg7 Kxg7 23. Nxd6 Rxe1+ 24. Qxe1 Nf8 25. Qe5+ 1-0

[Event "35 Andorra Open"]
[Site "Escaldes"]
[Date "2017.07.24"]
[Round "3.10"]
[White "Arjun, Kalyan"]
[Black "Valsecchi, Alessio"]
[Result "1/2-1/2"]
[WhiteElo "2347"]
[BlackElo "2506"]
[PlyCount "63"]
[EventDate "2017.07.22"]
[EventType "swiss"]
[EventRounds "9"]
[EventCountry "AND"]

1. e4 e5 2. Nf3 Nc6 3. Bb5 a6 4. Ba4 Nf6 5. O-O b5 6. Bb3 Bc5 7. c3 d6 8. d4
Bb6 9. Be3 O-O 10. Nbd2 h6 11. h3 exd4 12. cxd4 Ne7 13. Re1 Bb7 14. d5 c6 15.
dxc6 Nxc6 16. a4 Bxe3 17. Rxe3 Qb6 18. Qf1 Rae8 19. axb5 axb5 20. Rd1 Na5 21.
Bc2 Rc8 22. Bd3 d5 23. e5 d4 24. Ree1 Nd5 25. Ne4 Nf4 26. Bxb5 Rcd8 27. g3
Nxh3+ 28. Qxh3 Qxb5 29. Nxd4 Qxe5 30. Nc3 Qf6 31. Qf5 Qxf5 32. Nxf5 1/2-1/2

[Event "35 Andorra Open"]
[Site "Escaldes"]
[Date "2017.07.24"]
[Round "3.11"]
[White "Zoler, Dan"]
[Black "Akash Pc, Iyer"]
[Result "1-0"]
[WhiteElo "2499"]
[BlackElo "2300"]
[PlyCount "269"]
[EventDate "2017.07.22"]
[EventType "swiss"]
[EventRounds "9"]
[EventCountry "AND"]

1. d4 Nf6 2. c4 e6 3. Nc3 Bb4 4. Bd2 d5 5. Qa4+ Nc6 6. e3 O-O 7. Nf3 dxc4 8.
Bxc4 Bd7 9. Qc2 Bd6 10. Nb5 a6 11. Nxd6 cxd6 12. Bd3 Rc8 13. Qb1 e5 14. dxe5
dxe5 15. Bc3 Qe7 16. O-O g6 17. Rd1 Rcd8 18. h3 Bc8 19. a3 Rfe8 20. Bc2 Nd5 21.
Be1 Be6 22. b4 b5 23. Qb2 f6 24. Be4 Na7 25. a4 Nb6 26. Rxd8 Rxd8 27. axb5 axb5
28. Qa3 Na4 29. Bc2 Bd7 30. Rc1 Kg7 31. Be4 Rc8 32. Nd2 Bc6 33. Bd3 Qb7 34. Bf1
Bd5 35. Rxc8 Nxc8 36. Qd3 Na7 37. e4 Bf7 38. f3 Nb2 39. Qc2 Na4 40. Nb3 Nc6 41.
Nc5 Qb6 42. Bxb5 Qxb5 43. Qxa4 Qxa4 44. Nxa4 Nd4 45. Bf2 Nb5 46. Bc5 Be6 47.
Kf2 Kf7 48. Ke3 Bc4 49. Nb2 Be6 50. Kd3 Ke8 51. Nd1 Bb3 52. Ne3 Kf7 53. Kd2 Ke6
54. Kc1 Kf7 55. Kb2 Ba4 56. Nd5 Ke6 57. Ne3 Kf7 58. Ng4 Ke6 59. Nf2 Kf7 60. Nd3
Bd1 61. Nc1 Ke6 62. Bf2 Kf7 63. Nb3 Ke6 64. Nd2 Kf7 65. Kc1 Ba4 66. Nc4 Bb3 67.
Na5 Be6 68. Kc2 Na3+ 69. Kd3 Nb5 70. Be1 Ke7 71. Bc3 Kf7 72. Bb2 Ke7 73. h4 Nd6
74. g4 Bd7 75. g5 Bb5+ 76. Ke3 fxg5 77. hxg5 Nf7 78. f4 exf4+ 79. Kxf4 h6 80.
gxh6 Nxh6 81. Nb3 Nf7 82. Nd4 Ba6 83. b5 Bb7 84. Ba3+ Kd7 85. Ne2 Ke6 86. Bc5
Kd7 87. Nd4 Nd8 88. Ke5 Ba8 89. Bb6 Nf7+ 90. Kf6 Nd6 91. e5 Ne4+ 92. Kxg6 Bd5
93. Kf5 Nc3 94. Ba5 Na4 95. e6+ Bxe6+ 96. Nxe6 Kd6 97. b6 Nxb6 98. Bxb6 Kd5 99.
Bf2 Kd6 100. Nf4 Kc6 101. Ke6 Kb7 102. Kd7 Kb8 103. Bg3 Kb7 104. Nd5 Ka8 105.
Kc7 Ka7 106. Nb6 Ka6 107. Kc6 Ka7 108. Bh2 Ka6 109. Bb8 Ka5 110. Bd6 Ka6 111.
Nc8 Ka5 112. Bc5 Ka4 113. Nd6 Kb3 114. Kd5 Kc3 115. Nf5 Kd3 116. Nd6 Ke2 117.
Ke4 Kd2 118. Kf3 Kd3 119. Be3 Kc3 120. Ke2 Kb4 121. Bb6 Kc3 122. Ke3 Kc2 123.
Ba5 Kd1 124. Nf5 Kc2 125. Nd4+ Kd1 126. Bb4 Kc1 127. Ke2 Kb1 128. Kd2 Kb2 129.
Kd1 Kb1 130. Ba3 Ka2 131. Bc1 Kb1 132. Ne2 Ka1 133. Kc2 Ka2 134. Nc3+ Ka1 135.
Bb2# 1-0

[Event "35 Andorra Open"]
[Site "Escaldes"]
[Date "2017.07.24"]
[Round "3.12"]
[White "Riff, Jean-Noel"]
[Black "Tahay, Alexis"]
[Result "1-0"]
[WhiteElo "2493"]
[BlackElo "2290"]
[PlyCount "60"]
[EventDate "2017.07.22"]
[EventType "swiss"]
[EventRounds "9"]
[EventCountry "AND"]

1. e4 c5 2. Nf3 d6 3. Bb5+ Nd7 4. c3 Ngf6 5. Bd3 g6 6. Bc2 Bg7 7. d4 O-O 8. O-O
Qc7 9. Re1 b6 10. Bg5 Bb7 11. Nbd2 h6 12. Bh4 e5 13. dxe5 dxe5 14. Nc4 Rad8 15.
Qb1 Rfe8 16. a4 a6 17. Qa2 b5 18. axb5 axb5 19. Na5 Ra8 20. b4 Bf8 21. Qb2 c4
22. Rad1 Be7 23. Qc1 Kg7 24. Bg3 Nh5 25. Qd2 Rad8 26. Nxb7 Qxb7 27. Qd5 Qb6 28.
Nxe5 Nxe5 29. Bxe5+ f6 30. Bd4 Qd6 {Ilegible} 1-0

[Event "35 Andorra Open"]
[Site "Escaldes"]
[Date "2017.07.24"]
[Round "3.13"]
[White "Akshat, Khamparia"]
[Black "Caspi, Israel"]
[Result "0-1"]
[WhiteElo "2342"]
[BlackElo "2487"]
[PlyCount "74"]
[EventDate "2017.07.22"]
[EventType "swiss"]
[EventRounds "9"]
[EventCountry "AND"]

1. d4 f5 2. g3 Nf6 3. Bg2 g6 4. Nf3 Bg7 5. c4 O-O 6. O-O d6 7. b4 e5 8. dxe5
dxe5 9. Bb2 e4 10. Nd4 a5 11. b5 c5 12. bxc6 Nxc6 13. Nb5 Be6 14. N1a3 Qe7 15.
Qd6 Qxd6 16. Nxd6 b6 17. f3 Rad8 18. Rfd1 Bh6 19. Bxf6 Be3+ 20. Kh1 Rxf6 21.
fxe4 f4 22. Nc2 Ne5 23. Nxe3 fxe3 24. Rd4 Bg4 25. Nf5 Rxd4 26. Nxd4 Rd6 27. h3
Rxd4 28. hxg4 Rd2 29. Bf1 Nxc4 30. g5 b5 31. Bh3 Kf7 32. a4 b4 33. Rc1 Rd4 34.
Bc8 b3 35. e5 b2 36. Rf1+ Ke7 37. Ba6 Nd2 0-1

[Event "35 Andorra Open"]
[Site "Escaldes"]
[Date "2017.07.24"]
[Round "3.14"]
[White "Comas Fabrego, Lluis"]
[Black "Shevelev, Dmitri"]
[Result "1-0"]
[WhiteElo "2481"]
[BlackElo "2283"]
[PlyCount "75"]
[EventDate "2017.07.22"]
[EventType "swiss"]
[EventRounds "9"]
[EventCountry "AND"]

1. Nf3 Nf6 2. b3 a5 3. c4 e6 4. Nc3 d5 5. e3 c5 6. Bb2 Nc6 7. cxd5 exd5 8. Bb5
d4 9. exd4 cxd4 10. Ne2 d3 11. Ned4 Qe7+ 12. Kf1 Bd7 13. Nxc6 Bxc6 14. Bxc6+
bxc6 15. Ne5 Ne4 16. Qe1 Qh4 17. f3 Qxe1+ 18. Rxe1 Nxd2+ 19. Kf2 Bc5+ 20. Kg3
O-O-O 21. Nxf7 Bb4 22. Nxh8 Rxh8 23. Re3 Rd8 24. Rd1 Rd5 25. Bc1 Nb1 26. Rexd3
Nc3 27. Rxd5 cxd5 28. Rd2 d4 29. Bb2 Nxa2 30. Rxd4 g6 31. Kg4 Be7 32. f4 Nb4
33. Bc3 Nc2 34. Rc4+ Kd7 35. Bxa5 Ne3+ 36. Kf3 Nxc4 37. bxc4 Kc6 38. Ke4 1-0

[Event "35 Andorra Open"]
[Site "Escaldes"]
[Date "2017.07.24"]
[Round "3.16"]
[White "Pena Gomez, Manuel"]
[Black "Palacios Herrero, Pablo"]
[Result "1-0"]
[WhiteElo "2468"]
[BlackElo "2122"]
[PlyCount "97"]
[EventDate "2017.07.22"]
[EventType "swiss"]
[EventRounds "9"]
[EventCountry "AND"]

1. g3 d5 2. Bg2 e5 3. c4 d4 4. d3 Nf6 5. Nf3 Nc6 6. O-O Be7 7. e3 O-O 8. exd4
exd4 9. Na3 Re8 10. Nc2 Bc5 11. a3 a5 12. Rb1 a4 13. Bd2 Ng4 14. Bb4 Ba7 15.
Nce1 Nxb4 16. axb4 Bd7 17. Nc2 Qf6 18. h3 Ne5 19. Re1 Bxh3 20. Rxe5 Rxe5 21.
Bxh3 Re7 22. Bg2 Rae8 23. c5 b6 24. Ncxd4 bxc5 25. Qxa4 Bb6 26. Nc6 Re2 27.
bxc5 Bxc5 28. d4 Bd6 29. Nce5 Rb8 30. b3 Qf5 31. Rf1 h6 32. Qc4 Rc2 33. Nh4
Rxc4 34. Nxf5 Rc3 35. Bd5 Bxe5 36. dxe5 Rc5 37. f4 Kf8 38. Ne3 Rc3 39. Kf2 Rd8
40. Bc4 Rd2+ 41. Kf3 g5 42. fxg5 hxg5 43. Ke4 c5 44. Rxf7+ Ke8 45. e6 Rd4+ 46.
Kf3 g4+ 47. Kf2 Rd2+ 48. Ke1 Rb2 49. Bb5+ 1-0

[Event "35 Andorra Open"]
[Site "Escaldes"]
[Date "2017.07.24"]
[Round "3.18"]
[White "Ben Artzi, Ido"]
[Black "Kobo, Ori"]
[Result "0-1"]
[WhiteElo "2380"]
[BlackElo "2494"]
[PlyCount "114"]
[EventDate "2017.07.22"]
[EventType "swiss"]
[EventRounds "9"]
[EventCountry "AND"]

1. d4 Nf6 2. c4 e6 3. Nc3 Bb4 4. Qc2 d5 5. cxd5 exd5 6. Bg5 c5 7. dxc5 h6 8.
Bh4 Be6 9. e3 O-O 10. Nf3 Nbd7 11. Be2 Rc8 12. a3 Bxc3+ 13. Qxc3 g5 14. Bg3 Ne4
15. Qc2 Ndxc5 16. O-O h5 17. Qd1 Qb6 18. Be5 g4 19. Nd4 f6 20. Nxe6 Qxe6 21.
Bd4 Nd6 22. Rc1 b6 23. b4 Nce4 24. Qa4 Rxc1 25. Rxc1 Qf5 26. f3 gxf3 27. Bxf3
Nd2 28. Qd1 Nxf3+ 29. Qxf3 Qxf3 30. gxf3 Nc4 31. a4 Kf7 32. Kf2 Rc8 33. Kg3
Rg8+ 34. Kf2 Ke6 35. Ba1 h4 36. Bd4 h3 37. Rg1 Rxg1 38. Kxg1 Ne5 39. Kf2 Nd3+
40. Kg3 Nxb4 41. Kxh3 Nc2 42. Kg4 Nxd4 43. exd4 a6 44. Kf4 Kf7 45. Kf5 Ke7 46.
Kg4 Kf8 47. Kf4 Kg7 48. Kf5 Kf7 49. Kf4 Kg6 50. Kg4 b5 51. axb5 axb5 52. Kf4
Kh5 53. Ke3 Kh4 54. Kd3 Kh3 55. Kc3 Kxh2 56. Kb4 Kg3 57. Kc5 b4 0-1

[Event "35 Andorra Open"]
[Site "Escaldes"]
[Date "2017.07.24"]
[Round "3.19"]
[White "Vignesh, B."]
[Black "Barbot, Pierre"]
[Result "0-1"]
[WhiteElo "2124"]
[BlackElo "2453"]
[PlyCount "134"]
[EventDate "2017.07.22"]
[EventType "swiss"]
[EventRounds "9"]
[EventCountry "AND"]

1. e4 e5 2. Nf3 Nc6 3. Bc4 Bc5 4. c3 Nf6 5. d3 O-O 6. Bb3 d6 7. Nbd2 a6 8. h3
Ba7 9. Nf1 Be6 10. Bg5 h6 11. Bh4 g5 12. Bg3 Re8 13. h4 g4 14. N3h2 h5 15. f3
gxf3 16. Qxf3 Kh7 17. Nd2 Rg8 18. O-O-O Qe7 19. Rdf1 Ng4 20. Nxg4 Bxg4 21.
Qxf7+ Rg7 22. Qxe7 Nxe7 23. Bf2 Be2 24. Re1 Bxd3 25. Bxa7 Rxa7 26. Nf3 Rxg2 27.
Ng5+ Kh6 28. Re3 Be2 29. Re1 Bb5 30. Rf3 Ng6 31. Rf6 Be8 32. Ref1 Ra8 33. Be6
Rh2 34. Nf3 Rg2 35. Ng5 b5 36. R1f5 Rh2 37. Bf7 Bxf7 38. Nxf7+ Kg7 39. Ng5 Kh6
40. Nf7+ Kg7 41. Ng5 Nf4 42. Rf7+ Kg8 43. Rd7 Nd3+ 44. Kd1 Nxb2+ 45. Ke1 Nd3+
46. Kf1 Nc5 47. Rxc7 Rxh4 48. Nh7 Nxe4 49. Kg2 Rg4+ 50. Kf3 Rg7 51. Rxg7+ Kxg7
52. Kxe4 Kxh7 53. Rxh5+ Kg6 54. Rh3 Rc8 55. Kd5 Kf5 56. Rf3+ Kg4 57. Rf6 Rxc3
58. Rxd6 Ra3 59. Kxe5 Rxa2 60. Rb6 Ra4 61. Rf6 a5 62. Kd5 Rb4 63. Kc5 Rb3 64.
Rf8 a4 65. Rf7 a3 66. Kd4 b4 67. Kc4 Rb1 0-1

[Event "35 Andorra Open"]
[Site "Escaldes"]
[Date "2017.07.24"]
[Round "3.20"]
[White "Steinberg, Nitzan"]
[Black "Blum, Gernot"]
[Result "1-0"]
[WhiteElo "2543"]
[BlackElo "2040"]
[PlyCount "59"]
[EventDate "2017.07.22"]
[EventType "swiss"]
[EventRounds "9"]
[EventCountry "AND"]

1. d4 d6 2. e4 Nf6 3. Nc3 c6 4. f4 Qc7 5. Nf3 Nbd7 6. e5 Nd5 7. Ne4 e6 8. c4
Nb4 9. a3 Na6 10. exd6 Bxd6 11. g3 Be7 12. b4 Nf6 13. Bd3 Nb8 14. Nc3 b6 15.
O-O O-O 16. Qc2 Nbd7 17. Re1 Bb7 18. c5 Rfe8 19. f5 exf5 20. Bf4 Qd8 21. Bxf5
Nf8 22. Rad1 g6 23. Bd3 Ne6 24. Rxe6 fxe6 25. Bxg6 Rf8 26. Be5 Rf7 27. Bxf7+
Kxf7 28. Ng5+ Ke8 29. Nxe6 Qd7 30. Nc7+ 1-0

[Event "35 Andorra Open"]
[Site "Escaldes"]
[Date "2017.07.24"]
[Round "3.21"]
[White "Aloma Vidal, Robert"]
[Black "Planas Gene, Juan"]
[Result "1-0"]
[WhiteElo "2457"]
[BlackElo "2023"]
[PlyCount "46"]
[EventDate "2017.07.22"]
[EventType "swiss"]
[EventRounds "9"]
[EventCountry "AND"]

1. d4 Nf6 2. c4 e6 3. Nf3 b6 4. g3 Bb7 5. Bg2 Be7 6. Nc3 Ne4 7. Bd2 O-O 8. d5
Nxc3 9. Bxc3 d6 10. dxe6 fxe6 11. O-O e5 12. Ng5 Bxg2 13. Kxg2 Bxg5 14. Qd5+
Rf7 15. Qxa8 c6 16. a4 Qc8 17. a5 Bd8 18. b4 Rb7 19. Rfd1 Rf7 20. axb6 Bxb6 21.
c5 dxc5 22. Bxe5 Bc7 23. Bxc7 Qxc7 1-0

[Event "35 Andorra Open"]
[Site "Escaldes"]
[Date "2017.07.24"]
[Round "3.22"]
[White "Soham, Das"]
[Black "Quintin Navarro, Alberto"]
[Result "1-0"]
[WhiteElo "2020"]
[BlackElo "2380"]
[PlyCount "91"]
[EventDate "2017.07.22"]
[EventType "swiss"]
[EventRounds "9"]
[EventCountry "AND"]

1. e4 e5 2. Nf3 Nc6 3. Bc4 Nf6 4. d3 h6 5. O-O d6 6. a4 g6 7. a5 a6 8. c3 Bg7
9. Qb3 O-O 10. Re1 Qe7 11. d4 Nh5 12. Be3 exd4 13. cxd4 Nf6 14. Nc3 Ng4 15. Nd5
Qd8 16. Nf4 Nxe3 17. fxe3 Ne7 18. e5 c6 19. e6 d5 20. exf7+ Rxf7 21. Bd3 Qd6
22. Ne5 Bxe5 23. dxe5 Qxe5 24. Bxg6 Nxg6 25. Nxg6 Qg5 26. Nf4 Bf5 27. Rf1 Be4
28. g3 Re8 29. Nh3 Qe7 30. Rxf7 Qxf7 31. Rf1 Qe7 32. Rf4 Qc5 33. Qc3 Qxc3 34.
bxc3 Bd3 35. Kf2 b6 36. axb6 Rb8 37. Rb4 Bb5 38. Nf4 a5 39. Rb1 Rxb6 40. e4 a4
41. exd5 a3 42. Ra1 Ra6 43. dxc6 Bxc6 44. c4 a2 45. Nd3 Ra4 46. Ke3 1-0

[Event "35 Andorra Open"]
[Site "Escaldes"]
[Date "2017.07.24"]
[Round "3.23"]
[White "Bayerri Rosa, Xavier"]
[Black "Llaneza Vega, Patricia"]
[Result "0-1"]
[WhiteElo "1996"]
[BlackElo "2271"]
[PlyCount "60"]
[EventDate "2017.07.22"]
[EventType "swiss"]
[EventRounds "9"]
[EventCountry "AND"]

1. d4 Nf6 2. c4 g6 3. Nc3 Bg7 4. e4 d6 5. f3 O-O 6. Be3 Nc6 7. Qd2 a6 8. Bd3 e5
9. Nge2 Ng4 10. dxe5 Nxe3 11. Qxe3 Nxe5 12. O-O c6 13. Rad1 b5 14. cxb5 axb5
15. a3 Re8 16. Qf2 Be6 17. Rd2 Nxd3 18. Rxd3 Bc4 19. Rd2 Bxc3 20. Nxc3 Bxf1 21.
Qxf1 b4 22. Nb1 bxa3 23. Nxa3 Qa5 24. Re2 d5 25. e5 d4 26. f4 Qd5 27. Rd2 Ra4
28. Qd1 Rb4 29. Nb1 Qe4 30. g3 Reb8 0-1

[Event "35 Andorra Open"]
[Site "Escaldes"]
[Date "2017.07.24"]
[Round "3.24"]
[White "Van Den Boogaart, Jan Maarten"]
[Black "Morros Faura, Ricard"]
[Result "1/2-1/2"]
[WhiteElo "1991"]
[BlackElo "2270"]
[PlyCount "120"]
[EventDate "2017.07.22"]
[EventType "swiss"]
[EventRounds "9"]
[EventCountry "AND"]

1. e4 d6 2. d4 Nf6 3. Nc3 g6 4. Nf3 Bg7 5. Be2 O-O 6. O-O Bg4 7. Be3 Nc6 8. Qd2
Bxf3 9. Bxf3 e5 10. d5 Ne7 11. Nb5 a6 12. Na3 Nxe4 13. Bxe4 f5 14. f3 fxe4 15.
fxe4 Qd7 16. c4 b6 17. Rae1 Kh8 18. Nb1 Ng8 19. Nc3 Nf6 20. Qe2 Ng4 21. Bd2 Bh6
22. Bxh6 Nxh6 23. h3 Ng8 24. Rf3 Kg7 25. Ref1 Nf6 26. Qf2 Qe7 27. g3 Nd7 28.
Qe3 Rxf3 29. Rxf3 Rf8 30. Rxf8 Qxf8 31. Kg2 Qe7 32. Nd1 h6 33. Nf2 Nf6 34. Nd3
Nh7 35. Nf2 Nf6 36. Qa3 a5 37. Qe3 Qd7 38. b3 Qc8 39. Nd1 Nh7 40. Nc3 Ng5 41.
g4 Nh7 42. Kg3 Nf6 43. Nb5 h5 44. Qf3 hxg4 45. hxg4 Qd8 46. Qe3 Qd7 47. Qf3 Qe7
48. Qe3 Kf7 49. Nc3 Ke8 50. Nd1 Qg7 51. Nf2 Kd7 52. Nh3 Kc8 53. Nf2 Kb7 54. Nh3
Qh7 55. Nf2 Qg7 56. Nh3 g5 57. Nf2 Ng8 58. Nh3 Nf6 59. Nf2 Ng8 60. Nh3 Nf6
1/2-1/2

[Event "35 Andorra Open"]
[Site "Escaldes"]
[Date "2017.07.24"]
[Round "3.25"]
[White "Andre, Gordon"]
[Black "Correas Gonzalez, Jose Ramon"]
[Result "1-0"]
[WhiteElo "2259"]
[BlackElo "2018"]
[PlyCount "43"]
[EventDate "2017.07.22"]
[EventType "swiss"]
[EventRounds "9"]
[EventCountry "AND"]

1. d4 Nf6 2. c4 g6 3. Nc3 Bg7 4. e4 d6 5. Nf3 O-O 6. Be2 e5 7. O-O Nc6 8. Be3
Ng4 9. Bg5 f6 10. Bh4 h5 11. h3 Nh6 12. dxe5 dxe5 13. Qxd8 Nxd8 14. Nd5 Rf7 15.
Nxe5 fxe5 16. Bxd8 Bxh3 17. Bxc7 Bg4 18. f3 Be6 19. Bd6 Bxd5 20. cxd5 Rd7 21.
Bc5 Nf7 22. Be3 1-0

[Event "35 Andorra Open"]
[Site "Escaldes"]
[Date "2017.07.25"]
[Round "4.1"]
[White "Riff, Jean-Noel"]
[Black "Edouard, Romain"]
[Result "1/2-1/2"]
[WhiteElo "2493"]
[BlackElo "2622"]
[PlyCount "29"]
[EventDate "2017.07.22"]
[EventType "swiss"]
[EventRounds "9"]
[EventCountry "AND"]
[WhiteClock "1:28:37"]
[BlackClock "1:29:18"]

1. e4 c5 2. Nf3 Nc6 3. d4 cxd4 4. Nxd4 Nf6 5. Nc3 e5 6. Ndb5 d6 7. Bg5 a6 8.
Na3 b5 9. Nd5 Be7 10. Bxf6 Bxf6 11. c4 b4 12. Nc2 O-O 13. g3 Be6 14. Bg2 Bg5
15. O-O 1/2-1/2

[Event "35 Andorra Open"]
[Site "Escaldes"]
[Date "2017.07.25"]
[Round "4.2"]
[White "Santos Latasa, Jaime"]
[Black "Comas Fabrego, Lluis"]
[Result "1-0"]
[WhiteElo "2542"]
[BlackElo "2481"]
[PlyCount "67"]
[EventDate "2017.07.22"]
[EventType "swiss"]
[EventRounds "9"]
[EventCountry "AND"]
[WhiteClock "0:59:27"]
[BlackClock "0:01:51"]

1. e4 e6 2. d4 d5 3. Nc3 dxe4 4. Nxe4 Nd7 5. Nf3 Ngf6 6. Nxf6+ Nxf6 7. c3 c5 8.
Ne5 Bd6 9. Bb5+ Ke7 10. O-O Qc7 11. Re1 a6 12. Bf1 b6 13. Qf3 Bb7 14. Qg3 Kf8
15. Bf4 Rd8 16. dxc5 bxc5 17. Qh3 Nd5 18. Bg3 h5 19. Nc4 Bxg3 20. Qxg3 Qxg3 21.
hxg3 h4 22. gxh4 Rxh4 23. g3 Rh8 24. Bg2 Ke7 25. Rad1 Ba8 26. Na5 Rd6 27. Nc4
Rdd8 28. a3 Rhe8 29. Na5 Nf6 30. c4 Rxd1 31. Rxd1 Bxg2 32. Kxg2 Rc8 33. Kf3 Ne8
34. Rd3 1-0

[Event "35 Andorra Open"]
[Site "Escaldes"]
[Date "2017.07.25"]
[Round "4.3"]
[White "Caspi, Israel"]
[Black "Forcen Esteban, Daniel"]
[Result "1-0"]
[WhiteElo "2487"]
[BlackElo "2536"]
[PlyCount "125"]
[EventDate "2017.07.22"]
[EventType "swiss"]
[EventRounds "9"]
[EventCountry "AND"]
[WhiteClock "0:02:34"]
[BlackClock "0:20:16"]

1. e4 c5 2. Nf3 d6 3. d4 cxd4 4. Nxd4 Nf6 5. Nc3 a6 6. f3 e5 7. Nb3 Be6 8. Be3
Be7 9. Qd2 O-O 10. O-O-O Nbd7 11. g4 b5 12. g5 Nh5 13. Nd5 Bxd5 14. exd5 f6 15.
gxf6 Bxf6 16. Na5 Qe8 17. Nc6 Nf4 18. Bxf4 exf4 19. Bh3 Ne5 20. Rhe1 Qh5 21.
Be6+ Kh8 22. Nxe5 Bxe5 23. Qg2 b4 24. Re4 a5 25. Rg1 Ra7 26. Qh3 Qe8 27. Rc4
Qe7 28. Bf5 g6 29. Bxg6 Qf6 30. Be4 Bxb2+ 31. Kd1 Re7 32. Rg6 Qf7 33. Rxd6 Bc3
34. Rc8 Rxc8 35. Qxc8+ Re8 36. Rd7 Qxd5+ 37. Bxd5 Rxc8 38. Be4 h6 39. Ke2 a4
40. Rh7+ Kg8 41. Rxh6 Rd8 42. Bd3 Re8+ 43. Be4 Rd8 44. Bd3 Re8+ 45. Kf2 Re1 46.
Ra6 a3 47. Kg2 Bd4 48. h4 Rg1+ 49. Kh2 Rg3 50. h5 Rxf3 51. h6 Re3 52. Ra8+ Kf7
53. h7 b3 54. axb3 Re1 55. Rxa3 f3 56. Ra7+ Ke6 57. Ra8 Be5+ 58. Kh3 Rh1+ 59.
Kg4 f2 60. Re8+ Kd5 61. Kf3 Bd4 62. Rd8+ Kc5 63. b4+ 1-0

[Event "35 Andorra Open"]
[Site "Escaldes"]
[Date "2017.07.25"]
[Round "4.4"]
[White "Suarez Gomez, Julio"]
[Black "Del Rio De Angelis, Salvador G"]
[Result "1-0"]
[WhiteElo "2474"]
[BlackElo "2522"]
[PlyCount "69"]
[EventDate "2017.07.22"]
[EventType "swiss"]
[EventRounds "9"]
[EventCountry "AND"]
[WhiteClock "0:03:52"]
[BlackClock "0:29:39"]

1. d4 e6 2. Nf3 c5 3. e4 cxd4 4. Nxd4 Bc5 5. Nb3 Bb6 6. Nc3 Ne7 7. Bd3 O-O 8.
Qe2 d5 9. O-O Nbc6 10. Bg5 d4 11. e5 dxc3 12. Qe4 g6 13. Qh4 Nxe5 14. Bxe7 Qe8
15. Bxf8 cxb2 16. Rae1 b1=Q 17. Rxb1 Qxf8 18. Be2 Bd7 19. Qf6 Nc6 20. Rfd1 Be8
21. c4 Qa3 22. c5 Bc7 23. Qb2 Qb4 24. Qd2 Qa3 25. Qb2 Qb4 26. a3 Qh4 27. g3 Qe7
28. Qc3 Rb8 29. Nd4 Nxd4 30. Qxd4 b6 31. cxb6 Bxb6 32. Qc3 Ba4 33. Rdc1 Qg5 34.
Qc4 Qf5 35. Rxb6 1-0